|
|
|
|
| LEADER |
00000nab a2200000 a 4500 |
| 001 |
vtls000512595 |
| 003 |
SK-MaSNL |
| 005 |
20260303003806.0 |
| 008 |
120927c xo 0 slo |
| 015 |
|
|
|a SNBRB19rr/mm-uuuuu
|
| 035 |
|
|
|a CL0512733
|
| 040 |
|
|
|a SNKBUCL
|b slo
|c SNKBUCL
|e AACR2
|
| 041 |
0 |
|
|a slo
|
| 044 |
|
|
|a xo
|c SK
|
| 080 |
|
|
|a 77.04-051:069.5
|2 1981
|
| 100 |
1 |
|
|a Lesan, Martin
|4 aut
|9 889447
|
| 245 |
1 |
0 |
|a Momentky z Fínska
|c Martin Lesan
|
| 600 |
1 |
7 |
|a Sammallahti, Penti
|d ?-
|x tvorba umelecká - výstavy - Galéria Profil, Bratislava - r. 1994 - hodnotenie
|2 snkbucl
|9 982060
|
| 650 |
0 |
7 |
|a Galéria Profil, Bratislava
|2 snkbucl
|9 982061
|
| 655 |
|
7 |
|a články z novín a časopisov
|2 snkbucl
|9 267496
|
| 773 |
0 |
|
|t Pravda
|g Roč. 4 (75), č. 58 (11. 3. 1994), s. 9
|
| 850 |
|
|
|a Slovenská národná knižnica v Martine
|a MTA001
|
| 852 |
|
|
|a SNK
|b KIS3GCP
|
| 958 |
|
|
|a RK
|
| 992 |
|
|
|a RBX
|
| 999 |
|
|
|c 1574488
|d 1576418
|